| 000 | 00635cam a2200229ua 4500 | ||
|---|---|---|---|
| 001 | 6340 | ||
| 005 | 20260515114033.0 | ||
| 008 | 131129n ii |||gr||||Z||||||eng | ||
| 020 | _a978-0-07-065614-7 | ||
| 020 | _a0-07-065614-2 | ||
| 040 | _cMAIN | ||
| 082 | _a658.15 | ||
| 245 |
_aFinancial management : _bText,problems and practices / _cBy M.Y. Khan . |
||
| 250 | _a5th ed. | ||
| 260 |
_aNew delhi: _bTata McGraw-hill publishing company limited, _c2007. |
||
| 300 | _axxiii,37.25p. | ||
| 653 | _aCommerce | ||
| 653 | _aFinancial management | ||
| 700 |
_aKhan,M.Y., _eAuthor., |
||
| 700 |
_aJain,P.K., _eAuthor. |
||
| 942 | _cBK | ||
| 999 |
_c5487 _d5487 |
||